Famous Butt Chin Challenge (Picture) Quiz Stats

 Plays Quiz not verified by Sporcle

Challenge
Share
Tweet
Score 0/24 Timer 12:00
0 Plays Today
number Butt Chin Owner % Correct
22Barack Obama
91.9%
16Michael Jackson
90.5%
19John F. Kennedy
78.1%
24Wario
72.1%
17Quagmire
65.8%
9Yoda
63.9%
13John Cena (WWE)
58.7%
1John Travolta
58%
2Kim Jong Il (Team America)
54.8%
23Jeff Gordon
51.6%
21Babe Ruth
51.3%
15Oakland Raiders Logo
46.3%
number Butt Chin Owner % Correct
20Count Chocula
45.4%
4Gaston (Beauty and the Beast)
45.1%
11Chevy Chase
45%
6Randy Marsh (South Park)
36%
5William Howard Taft
35.9%
10Patrick Stewart
25.2%
7Wake Forest Demon Deacon
17.7%
14John Dillinger
17.6%
3Tom Brady
16%
18Matt Damon
15.6%
8Trey Parker
6.1%
12Fighter Hayabusa (Pro Wrestling NES)
0.8%

You're not logged in!

Compare scores with friends on all Sporcle quizzes.
Join for Free
OR
Log In

You Might Also Like...

Show Comments

Extras

Top Quizzes Today


Score Distribution

Your Account Isn't Verified!

In order to create a playlist on Sporcle, you need to verify the email address you used during registration. Go to your Sporcle Settings to finish the process.

Report this User

Report this user for behavior that violates our Community Guidelines.

Details: